[Event "Open de Provence 2015 A"]
[Site "Salon de Provence"]
[Date "2015.07.04"]
[Round "9.14"]
[White "Dhamelincourt, Thomas"]
[Black "Salvi, Michel"]
[Result "1-0"]
[WhiteElo "1550"]
[BlackElo "1771"]
[PlyCount "139"]
[EventDate "2015.??.??"]

1. d4 Nf6 2. c4 g6 3. Nc3 Bg7 4. e4 d6 5. Be3 O-O 6. Bd3 Nbd7 7. Nf3 e5 8. h3
c6 9. O-O a6 10. Bc2 Re8 11. Re1 Nf8 12. dxe5 dxe5 13. Qxd8 Rxd8 14. Nxe5 Nxe4
15. Bxe4 Bxe5 16. Bb6 Re8 17. Bc2 Nd7 18. Bd4 Kf8 19. Bxe5 Nxe5 20. c5 f6 21.
f4 Nc4 22. Rxe8+ Kxe8 23. Re1+ Kf8 24. Ne4 Bf5 25. g4 Bxe4 26. Rxe4 Nd2 27. Re6
Kf7 28. Rd6 Nf3+ 29. Kf2 Nh4 30. Bb3+ Kg7 31. Rd7+ Kh6 32. Kg3 g5 33. Rxb7 Rd8
34. fxg5+ fxg5 35. Bc2 Ng6 36. Bxg6 hxg6 37. Rb3 Rd5 38. Rb6 Rxc5 39. Rxa6 Kg7
40. Ra3 Rc2 41. Rb3 c5 42. a4 c4 43. Rb7+ Kf6 44. a5 Rc1 45. a6 Ra1 46. a7 Ke6
47. Rb6+ Kf7 48. Rb7+ Ke6 49. Rg7 Kf6 50. Rc7 Ra4 51. Rxc4 Rxa7 52. Rc3 Rb7 53.
b3 Rb4 54. Re3 Rf4 55. Rf3 Ke5 56. Rxf4 gxf4+ 57. Kf3 g5 58. b4 Kd5 59. b5 Kc5
60. h4 gxh4 61. Kxf4 h3 62. Kg3 h2 63. Kxh2 Kxb5 64. Kh3 Kc6 65. Kh4 Kd7 66.
Kh5 Ke7 67. Kh6 Kf7 68. g5 Kg8 69. Kg6 Kh8 70. Kf7 1-0

[Event "Open de Provence 2015 A"]
[Site "Salon de Provence"]
[Date "2015.07.04"]
[Round "9.15"]
[White "Morris, Keith"]
[Black "Fournier, Alain"]
[Result "1-0"]
[WhiteElo "1715"]
[BlackElo "1589"]
[PlyCount "75"]
[EventDate "2015.??.??"]

1. e4 e5 2. Nf3 Nf6 3. Nc3 Nc6 4. d4 exd4 5. Nxd4 Bc5 6. Be3 Bb6 7. Be2 O-O 8.
O-O d6 9. a3 a6 10. b4 Qe7 11. Nxc6 bxc6 12. Bxb6 cxb6 13. Bd3 b5 14. Re1 Qe5
15. Qd2 Be6 16. Bf1 g5 17. f3 Rad8 18. a4 a5 19. Rab1 h6 20. axb5 axb4 21. Rxb4
Qc5+ 22. Qd4 cxb5 23. Qxc5 dxc5 24. Rxb5 Rc8 25. Be2 Nh5 26. g3 f5 27. f4 Nf6
28. Rb6 Kf7 29. fxg5 hxg5 30. exf5 Bxf5 31. Rf1 Be6 32. Ne4 Ke7 33. Nxg5 Bd5
34. Re1 Kd8 35. Rf1 Ke7 36. Bb5 Nd7 37. Re1+ Kd8 38. Rd6 1-0

[Event "Open de Provence 2015 A"]
[Site "Salon de Provence"]
[Date "2015.07.04"]
[Round "9.16"]
[White "Sanchez, Frederic"]
[Black "Porte, Jacques"]
[Result "1-0"]
[WhiteElo "1738"]
[BlackElo "1446"]
[PlyCount "87"]
[EventDate "2015.??.??"]

1. d4 Nf6 2. c4 c6 3. Nf3 d5 4. g3 e6 5. Bg2 g6 6. O-O Bg7 7. Nc3 O-O 8. Qc2
Nbd7 9. b3 Re8 10. Bb2 Qc7 11. Rac1 dxc4 12. bxc4 Nb6 13. Ne4 Nbd7 14. Nxf6+
Bxf6 15. e4 e5 16. d5 Nc5 17. Ba3 b6 18. Nd2 Nb7 19. Nb3 c5 20. Rcd1 Nd6 21. f4
Ba6 22. Nd2 exf4 23. gxf4 Bd4+ 24. Kh1 f6 25. Bb2 Bxb2 26. Qxb2 f5 27. e5 Nxc4
28. Nxc4 Bxc4 29. d6 Qb8 30. Rfe1 Be6 31. Qd2 Rd8 32. Bd5 Bxd5+ 33. Qxd5+ Kg7
34. e6 h5 35. Qe5+ Kh7 36. e7 Qb7+ 37. Kg1 Rd7 38. e8=Q Rxe8 39. Qxe8 Rg7 40.
d7 Qf3 41. Qe3 Qb7 42. d8=Q Kh6 43. Qee8 h4 44. Qxh4# 1-0